|
|
|
|
| LEADER |
02088nam a2200385 a 4500 |
| 001 |
21100 |
| 003 |
BD-DhAAL |
| 008 |
100928m20091994maua b 001 0 eng d |
| 999 |
|
|
|c 9583
|d 9583
|
| 010 |
|
|
|a 93040325
|
| 020 |
|
|
|a 9788131708415
|
| 020 |
|
|
|a 0201558025
|
| 020 |
|
|
|a 9780201558029
|
| 040 |
|
|
|a DLC
|c DLC
|d DLC
|d DB-DhAAL
|
| 082 |
0 |
0 |
|a 510
|2 20
|
| 100 |
1 |
|
|a Graham, Ronald L.,
|d 1935-
|9 38968
|
| 245 |
1 |
0 |
|a Concrete mathematics :
|b a foundation for computer science /
|c Ronald L. Graham, Donald E. Knuth, Oren Patashnik.
|
| 250 |
|
|
|a Second edition.
|
| 260 |
|
|
|a Reading, Mass.;
|a New Delhi :
|b Pearson-Addison-Wesley,
|c c1994.[impression 2009]
|
| 300 |
|
|
|a xiii, 643 pages ;
|a 657 pages :
|b illustrations ;
|c 24 cm.
|
| 504 |
|
|
|a Includes bibliographical references and index.
|
| 526 |
|
|
|a CSE
|
| 541 |
1 |
|
|a Book Finder International
|e 21100, 36912, 36913
|
| 650 |
|
0 |
|a Mathematics.
|9 38969
|
| 650 |
|
0 |
|a Computer science
|x Mathematics.
|9 38970
|
| 650 |
|
0 |
|a Computer science.
|9 42364
|
| 700 |
1 |
|
|a Knuth, Donald Ervin,
|d 1938-
|9 38971
|
| 700 |
1 |
|
|a Patashnik, Oren.
|9 38972
|
| 852 |
4 |
|
|a Ayesha Abed Library
|j General Stacks
|
| 942 |
|
|
|2 ddc
|c BK
|
| 952 |
|
|
|0 0
|1 0
|2 ddc
|4 0
|6 510_GRA_200900000000000
|7 0
|9 12185
|a BRACUL
|b BRACUL
|c GEN
|d 2010-09-29
|l 9
|m 82
|o 510 GRA
|p 3010021100
|q 2022-09-19
|r 2019-11-28
|s 2019-11-28
|t 1
|w 2010-09-29
|y BK
|
| 952 |
|
|
|0 0
|1 0
|2 ddc
|4 0
|6 510_GRA_200900000000000
|7 0
|9 12190
|a BRACUL
|b BRACUL
|c GEN
|d 2010-09-29
|l 4
|m 43
|o 510 GRA
|p 3010021101
|r 2014-11-07
|s 2014-08-03
|t 2
|w 2010-09-29
|y BK
|
| 952 |
|
|
|0 0
|1 0
|2 ddc
|4 0
|6 510_GRA
|7 0
|9 13607
|a BRACUL
|b BRACUL
|c GEN
|d 2010-12-13
|e TRIM EDUCATION
|l 3
|m 16
|o 510 GRA
|p 3010021608
|r 2025-03-03
|s 2025-02-20
|t 3
|w 2010-12-13
|y BK
|
| 952 |
|
|
|0 0
|1 0
|2 ddc
|4 0
|6 510_000000000000000_GRA
|7 0
|9 67644
|a BRACUL
|b BRACUL
|c GEN
|d 2020-01-02
|e Book Finder International
|g 6715.49
|l 4
|m 54
|o 510 GRA
|p 3010036912
|r 2025-12-13
|s 2025-07-02
|t 4
|v 6715.49
|w 2020-01-02
|y BK
|
| 952 |
|
|
|0 0
|1 0
|2 ddc
|4 0
|6 510_000000000000000_GRA
|7 0
|9 67645
|a BRACUL
|b BRACUL
|c GEN
|d 2020-01-02
|e Book Finder International
|g 6715.49
|l 6
|m 59
|o 510 GRA
|p 3010036913
|r 2026-01-06
|s 2025-11-03
|t 5
|v 6715.49
|w 2020-01-02
|y BK
|